|
|
|
|
| LEADER |
00000nam a22000007a 4500 |
| 005 |
20190402223233.0 |
| 007 |
cr|||| |||| |
| 008 |
190402s2019 es |||||s|||| 00||0 spa d |
| 020 |
|
|
|a 978-84-949775-7-2
|
| 035 |
|
|
|a 23235
|
| 040 |
|
|
|a vLex
|
| 090 |
|
|
|c 8544
|d 8544
|
| 100 |
1 |
|
|a Muǫz Sabat,̌ Lluis
|
| 245 |
1 |
0 |
|a Vademecum de Psicologa̕ para juristas
|h [Recurso electrn̤ico] /
|c Lluis Muǫz Sabať
|
| 256 |
|
|
|a Servicio en ln̕ea
|
| 260 |
|
|
|a Barcelona:
|b J.M. Bosch Editor,
|c 2019
|
| 300 |
|
|
|a 1 recurso electrn̤ico
|
| 506 |
1 |
|
|a Disponible solo en los productos indicados
|d vLex Global
|d vLex Global (Academic Edition, excluding Law Schools)
|d vLex Global (U.S. Academic Edition, Law Schools)
|d vLex Global (U.S. Academic Edition, excluding Law Schools)
|d vLex Global (Academic Edition, Law Schools)
|
| 650 |
0 |
4 |
|a Derecho Constitucional
|z Espaą
|
| 650 |
0 |
4 |
|a Psicologa̕
|z Espaą
|
| 740 |
0 |
|
|a vLex Libros (Servicio en ln̕ea)
|
| 856 |
4 |
0 |
|u http://vlex.com/source/vademecum-psicologia-juristas-23235
|z Acceso restringido
|
| 942 |
|
|
|c BOOK
|
| 999 |
0 |
|
|a Constitutional Law
|
| 999 |
0 |
|
|a Psychology
|